000 00903nam a22002057a 4500
003 AM-YEHGA
005 20250617163918.0
008 210830s ||||| |||| 00| 0 rus d
040 _aAM-YeHGA
041 0 _arus
100 1 _aПрозоровский, Александр Сергеевич.
245 1 0 _aСуппозитории :
_bПособие для лабораторных занятий /
_cА.С. Прозоровский; 1-й Моск. ордена Ленина мед. ин-т им. И.М. Сеченова. Заоч. отд-ние Фармацевтич. фак.
260 _aМосква :
_b[б. и.],
_c1962.
300 _a22 с.
653 0 _aСуппозитории
653 0 _aЛекарственные формы - Приготовление - Практические работы учащихся
942 _2udc
_cBK
001 1788010
090 _c518574
999 _c515037
_d515037